000 00907cam a2200265 a 4500
001 000011553
005 20200929162505.0
008 990607s1999 ve a b 000 0 spa d
020 _a9802172227
040 _aDO-SdBNP
_bspa
_cDLC
_dBNPHU
082 _a658.787
_bD542g
100 1 _aDíaz Matalobos, Angel
_927346
245 1 0 _aGerencia de inventarios /
_cAngel Díaz Matalobos.
260 _aCaracas, (Venezuela) :
_bEdiciones IESA,
_c1999.
300 _axvi, 264 p. :
_bil. ;
_c23 cm.
504 _aIncluye referencias bibliográficas (p. 241-256)
650 4 _aControl de inventario
_927347
650 4 _aAdministración de materiales
_96331
650 4 _aControl de la producción
_927348
650 4 _aGestión de existencias
_927349
710 2 _aInstituto de Estudios Superiores de Administración
_927350
910 _aCatalogación por copia / LC
082 0 0 _a658.7/87
_221
049 _aBNGR
999 _c11248
_d11248